000 00409nam a2200181Ia 4500
001 11150
003 GE_BSU
008 181216s||||||||xx |||||||||||||| ||und||
040 _cGE_BSU
245 _aParis Match, du 17 au 23 juillet №3400.2014.
245 _b№3400
245 _cdir.red. O.Royant.
260 _aParis
260 _c2014.
300 _a112p;29cm.
653 _aParis Match
942 _cCR
999 _c44386
_d44386